Top 10 pays producteur d'uranium - 2016 - Statistiques

Statistiques générales
  • Ce quiz a été pris 61 fois
  • Le résultat moyen est 7 sur 10
Statistiques - réponses
Production en tonne Pays % Correct
3000 Russie
96%
1600 Chine
94%
14000 Canada
90%
5900 Australie
81%
3500 Niger
65%
1100 Etats Unis
62%
24700 Kazakhstan
52%
1000 Ukraine
52%
2400 Ouzbekistan
42%
3500 Namibie
25%
Aucun quiz correspondant
Distribution des résultats
% des personnes avec chaque résultat
Percentile par nombre de réponses
Votre historique - résultats
Vous n’avez pas pris ce quiz